000 00517nam a2200181Ia 4500
999 _c32242
_d32242
003 OSt
005 20200730122951.0
008 190216s9999||||xx |||||||||||||| ||und||
020 _a9788181282781
040 _coclc
082 _a512.7
_bJON/E
100 _aJones, Gareth A
_93876
245 0 _aElementary Number Theory /
_cGareth A Jones ; J Mary Jones
260 _bSpringer,
_c2009.
_aNew York:
300 _a301p
650 _aMathematics
942 _cBK
_2ddc
_h512.7
_iJON/E
_k512.7
_mJON/E